000 00482cam a22001457a 4500
008 180718b2005 xxu||||| |||| 00| 0 eng d
100 _aBenitez, Daniel
245 _aHow concentrated are global infrastructure markets?
_cby Daniel Benitez and Antonio Estache
260 _aWashington, D.C.
_bWorld Bank
_c2005
300 _a25p.
440 _aPolicy research working paper; no. 3513
650 _aGlobalization
650 _aInfrastructure (Economics)
700 _aEstache, Antonio
999 _c291620
_d291620